[Event "Quebec op"]
[Site "Montreal CAN"]
[Date "1999.07.26"]
[Round "4"]
[White "Khassanov, Marat"]
[Black "Nogueiras, Jesus"]
[Result "0-1"]
[WhiteElo "2367"]
[BlackElo "2559"]
[PlyCount "78"]
[GameId "2160767911742838"]
[EventDate "1999.07.24"]
[EventType "swiss"]
[EventRounds "9"]
[EventCountry "CAN"]
[SourceTitle "EXT 2000"]
[Source "ChessBase"]
[SourceDate "1999.11.18"]
[SourceVersion "1"]
[SourceVersionDate "1999.11.18"]
[SourceQuality "1"]

1. Nf3 Nf6 2. c4 e6 3. g3 a6 4. Bg2 b5 5. b3 Bb7 6. O-O c5 7. Bb2 Be7 8. d3 O-O 9. Nbd2 Nc6 10. e3 Qb6 11. Qe2 d5 12. Ne1 Rfd8 13. f4 bxc4 14. dxc4 a5 15. Rb1 Rab8 16. g4 d4 17. g5 Ne8 18. Rf3 dxe3 19. Rxe3 Nd4 20. Qh5 g6 21. Qh3 Bc8 22. Qh4 Ng7 23. Be4 e5 24. Qf2 exf4 25. Bd5 Rxd5 26. Rxe7 Rxg5+ 27. Kh1 Bb7+ 28. Nef3 Ngf5 29. Bxd4 Nxe7 30. Qh4 f6 31. Re1 Bxf3+ 32. Nxf3 Qb7 33. Qh3 Nf5 34. Bxf6 Rh5 35. Qg2 Ne3 36. Qe2 Rh3 37. Rf1 Qc6 38. Bb2 Nxf1 39. Qg2 Rxh2+ 0-1

[Event "Quebec op"]
[Site "Montreal CAN"]
[Date "1999.07.26"]
[Round "4"]
[White "Laurain, Guy"]
[Black "Frappier, Clement"]
[Result "1-0"]
[WhiteElo "2082"]
[BlackElo "1948"]
[PlyCount "95"]
[GameId "2160767911742840"]
[EventDate "1999.07.24"]
[EventType "swiss"]
[EventRounds "9"]
[EventCountry "CAN"]

1. d4 d5 2. Nf3 c6 3. h3 Nf6 4. Nbd2 e6 5. e3 Nbd7 6. Bd3 Bd6 7. e4 dxe4 8. Nxe4 Nxe4 9. Bxe4 Qc7 10. O-O Nf6 11. Bd3 b6 12. c3 c5 13. Qe2 a6 14. Bg5 Bb7 15. Rfc1 h6 16. Bxf6 gxf6 17. Be4 Rg8 18. b4 c4 19. Kf1 Rc8 20. Rd1 Kf8 21. Bxb7 Qxb7 22. d5 e5 23. Qe3 Rg6 24. Nh4 Rg5 25. Qe4 Qd7 26. g4 h5 27. Nf5 Ke8 28. a4 Kd8 29. f3 hxg4 30. hxg4 Kc7 31. Kf2 Kb7 32. Rh1 Rgg8 33. Rh7 Kb8 34. Qe3 Bc7 35. d6 Bd8 36. Qe4 Rf8 37. Kg3 Rc6 38. Rd1 Rc8 39. Ra1 Rc6 40. Rd1 Rc8 41. Qd5 Qxa4 42. Ne7 Bxe7 43. dxe7 Rfe8 44. Qd6+ Kb7 45. Rxf7 Rc7 46. Rxf6 Kc8 47. Qd8+ Kb7 48. Rdd6 1-0

[Event "Quebec op"]
[Site "Montreal CAN"]
[Date "1999.07.26"]
[Round "4"]
[White "Lezaic, Jovan"]
[Black "Bolduc, Steve"]
[Result "0-1"]
[WhiteElo "2053"]
[BlackElo "2172"]
[PlyCount "68"]
[GameId "2160767911742841"]
[EventDate "1999.07.24"]
[EventType "swiss"]
[EventRounds "9"]
[EventCountry "CAN"]

1. d4 Nf6 2. c4 e6 3. Nc3 d5 4. Bg5 Be7 5. e3 h6 6. Bh4 O-O 7. Nf3 b6 8. Be2 Bb7 9. O-O Nbd7 10. Rc1 c5 11. cxd5 Nxd5 12. Bg3 Nxc3 13. bxc3 Qc8 14. Bd3 Re8 15. Bb1 Bf6 16. Ne5 Nxe5 17. dxe5 Be7 18. Qc2 g6 19. h4 h5 20. f4 c4 21. e4 Qc6 22. f5 Rad8 23. Rcd1 Rd3 24. Rxd3 cxd3 25. Qd2 exf5 26. exf5 Bc5+ 27. Kh2 Be3 28. fxg6 Bxd2 29. gxf7+ Kf8 30. fxe8=Q+ Kxe8 31. Rf3 Qxc3 32. Rxd3 Qc1 33. Rb3 Qf1 34. Bg6+ Ke7 0-1

[Event "Quebec op"]
[Site "Montreal CAN"]
[Date "1999.07.26"]
[Round "4"]
[White "Miezis, Normunds"]
[Black "Safranska, Anda"]
[Result "0-1"]
[WhiteElo "2524"]
[BlackElo "2267"]
[PlyCount "116"]
[GameId "2160767911742843"]
[EventDate "1999.07.24"]
[EventType "swiss"]
[EventRounds "9"]
[EventCountry "CAN"]
[SourceTitle "EXT 2000"]
[Source "ChessBase"]
[SourceDate "1999.11.18"]
[SourceVersion "1"]
[SourceVersionDate "1999.11.18"]
[SourceQuality "1"]

1. c4 Nf6 2. Nc3 g6 3. g3 Bg7 4. Bg2 d6 5. e4 e5 6. Nge2 O-O 7. O-O c6 8. b3 a6 9. a4 a5 10. d4 Na6 11. h3 Re8 12. Be3 exd4 13. Bxd4 Qe7 14. Re1 Nc5 15. Nf4 Nfd7 16. Bxg7 Kxg7 17. Ra2 Qe5 18. Re3 Nf6 19. Rd2 h5 20. Rxd6 h4 21. Nfe2 hxg3 22. f4 Qe7 23. Nxg3 Rh8 24. e5 Ne8 25. f5 Qg5 26. Rf3 Bxf5 27. Nxf5+ gxf5 28. Qe1 Kf8 29. Rd2 Ng7 30. Qf2 Qe7 31. Rd1 Re8 32. Re3 Rh6 33. Rde1 Rg6 34. Kh1 Nce6 35. Rd3 Nc5 36. Rde3 Kg8 37. Ne2 Nce6 38. Rd3 Rd8 39. Re3 Rd2 40. Rf3 Nd4 41. Rf4 Nge6 42. Rf3 Rxe2 43. Rxe2 Nxe2 44. Qxe2 Nd4 45. Qe1 Nxf3 46. Bxf3 Qg5 47. c5 Qg3 48. Qf1 Qxe5 49. Bg2 Qxc5 50. Qf4 Qc2 51. Qf3 Qxg2+ 52. Qxg2 Rxg2 53. Kxg2 b5 54. Kf3 bxa4 55. bxa4 Kg7 56. Ke3 Kg6 57. Kd4 Kg5 58. Kc5 f4 0-1

[Event "Quebec op"]
[Site "Montreal CAN"]
[Date "1999.07.26"]
[Round "4"]
[White "Mikanovic, Goran"]
[Black "Marineau, Remi"]
[Result "1-0"]
[WhiteElo "2355"]
[BlackElo "2086"]
[PlyCount "59"]
[GameId "2160767911742844"]
[EventDate "1999.07.24"]
[EventType "swiss"]
[EventRounds "9"]
[EventCountry "CAN"]

1. d4 d5 2. c4 e6 3. Nc3 c6 4. Nf3 dxc4 5. a4 Bb4 6. e4 b5 7. Be2 Nf6 8. e5 Nd5 9. Qc2 h6 10. O-O Bxc3 11. bxc3 a5 12. Nd2 O-O 13. Ne4 Ba6 14. Rb1 Nd7 15. Ba3 Nxc3 16. Qxc3 b4 17. Bxb4 axb4 18. Qxb4 Qh4 19. Bf3 c3 20. Rfe1 Bd3 21. Ra1 f5 22. exf6 Nxf6 23. Nxf6+ Rxf6 24. Qxc3 Rxf3 25. gxf3 Bf5 26. Qe3 Rf8 27. Kh1 Bh3 28. Rec1 Rf4 29. Qe5 g5 30. Rab1 1-0

[Event "Quebec op"]
[Site "Montreal CAN"]
[Date "1999.07.26"]
[Round "4"]
[White "Saint James, Sonny"]
[Black "Henson, Joshua"]
[Result "1-0"]
[WhiteElo "1903"]
[BlackElo "2103"]
[PlyCount "75"]
[GameId "2160767911742845"]
[EventDate "1999.07.24"]
[EventType "swiss"]
[EventRounds "9"]
[EventCountry "CAN"]

1. e4 e6 2. d4 d5 3. Nc3 Bb4 4. a3 Ba5 5. b4 Bb6 6. e5 a5 7. Rb1 Ne7 8. f4 Nf5 9. Nf3 Nc6 10. Bb5 Bd7 11. Bxc6 Bxc6 12. b5 Bd7 13. a4 c5 14. bxc6 bxc6 15. Qd3 Bc8 16. Ba3 Ba6 17. Qd2 Rc8 18. Qf2 h5 19. Ne2 Qc7 20. Bc5 Rb8 21. O-O Bxc5 22. dxc5 O-O 23. Rfd1 Rxb1 24. Rxb1 Rb8 25. Re1 Bxe2 26. Qxe2 Qa7 27. Qf2 Rb4 28. Ng5 Rxa4 29. h3 h4 30. c3 Rc4 31. Rb1 Rxc5 32. Kh2 a4 33. c4 d4 34. Qf3 a3 35. Qh5 Nh6 36. f5 Rxe5 37. fxe6 f6 38. Qe8# 1-0

[Event "Quebec op"]
[Site "Montreal CAN"]
[Date "1999.07.26"]
[Round "4"]
[White "Strassmann, Swantje"]
[Black "Voloaca, Mihnea"]
[Result "1-0"]
[WhiteElo "2116"]
[BlackElo "2039"]
[PlyCount "110"]
[GameId "2160767911742846"]
[EventDate "1999.07.24"]
[EventType "swiss"]
[EventRounds "9"]
[EventCountry "CAN"]
[SourceTitle "EXT 2000"]
[Source "ChessBase"]
[SourceDate "1999.11.18"]
[SourceVersion "1"]
[SourceVersionDate "1999.11.18"]
[SourceQuality "1"]

1. e4 c5 2. Nf3 e6 3. d4 cxd4 4. Nxd4 a6 5. c4 Nf6 6. Nc3 Bb4 7. Bd3 Nc6 8. Nxc6 dxc6 9. O-O e5 10. Qc2 O-O 11. a3 Bc5 12. b4 Bd4 13. Bb2 Nh5 14. Rfe1 Nf4 15. Bf1 Qg5 16. Kh1 Bg4 17. Nd1 Rad8 18. Ne3 Be6 19. c5 Bxb2 20. Qxb2 Rd4 21. Qc2 Qg6 22. g3 Rxe4 23. gxf4 Rxe3 24. Qxg6 Rxe1 25. Rxe1 hxg6 26. fxe5 Rd8 27. Kg2 Rd4 28. f3 Bd5 29. Kg3 g5 30. Re3 Be6 31. Rd3 Rxd3 32. Bxd3 Kf8 33. h4 gxh4+ 34. Kxh4 f6 35. f4 Bd7 36. Kh5 Be8+ 37. Kg4 Ke7 38. Kf5 Bf7 39. Bc2 Bg8 40. Kg4 Bf7 41. Kf5 Be8 42. Bb3 Bh5 43. Ke4 Bf7 44. exf6+ Kxf6 45. Bxf7 Kxf7 46. Kf5 g6+ 47. Ke5 Ke7 48. a4 Kf7 49. Kd6 Kf6 50. Kc7 Kf5 51. Kxb7 Kxf4 52. Kxc6 g5 53. Kd5 g4 54. c6 g3 55. c7 g2 1-0

[Event "Quebec op"]
[Site "Montreal CAN"]
[Date "1999.07.26"]
[Round "4"]
[White "Sullivan, Neil"]
[Black "Dumouchel, Alain"]
[Result "1-0"]
[WhiteElo "2112"]
[BlackElo "1961"]
[PlyCount "82"]
[GameId "2160767911742847"]
[EventDate "1999.07.24"]
[EventType "swiss"]
[EventRounds "9"]
[EventCountry "CAN"]

1. e4 e5 2. Nf3 Nc6 3. d4 exd4 4. Bc4 Nf6 5. O-O Nxe4 6. Re1 d5 7. Bxd5 Qxd5 8. Nc3 Qd8 9. Rxe4+ Be6 10. Nxd4 Nxd4 11. Rxd4 Qc8 12. Bg5 Be7 13. Bxe7 Kxe7 14. Nd5+ Bxd5 15. Rxd5 Rd8 16. Re5+ Kf8 17. Qh5 Qd7 18. Qxh7 f6 19. Qh8+ Kf7 20. Qh5+ Kf8 21. Re3 Qd5 22. Qe2 Rd7 23. Re1 Qf7 24. Re6 Rad8 25. h3 Rd2 26. Qe4 Rd1 27. Rxd1 Rxd1+ 28. Kh2 Qd7 29. Qb4+ Kf7 30. Re2 b6 31. Qc4+ Kf8 32. Qh4 Rh1+ 33. Kg3 Rd1 34. Qg4 f5 35. Qf3 Rd6 36. Kh2 Rd1 37. Re5 g6 38. g4 Qd6 39. Qf4 Rd4 40. Qe3 fxg4 41. hxg4 Rd5 1-0

[Event "Quebec op"]
[Site "Montreal CAN"]
[Date "1999.07.26"]
[Round "4"]
[White "Wenaas, Eric"]
[Black "Burnett, Ronald"]
[Result "1/2-1/2"]
[WhiteElo "2156"]
[BlackElo "2423"]
[PlyCount "134"]
[GameId "2160767911742848"]
[EventDate "1999.07.24"]
[EventType "swiss"]
[EventRounds "9"]
[EventCountry "CAN"]
[SourceTitle "EXT 2000"]
[Source "ChessBase"]
[SourceDate "1999.11.18"]
[SourceVersion "1"]
[SourceVersionDate "1999.11.18"]
[SourceQuality "1"]

1. c4 g6 2. Nc3 Bg7 3. Nf3 d6 4. d4 Bg4 5. e3 e5 6. Be2 Ne7 7. dxe5 dxe5 8. Qxd8+ Kxd8 9. Ng5 Bxe2 10. Kxe2 Ke8 11. Rd1 Na6 12. e4 h6 13. Nf3 Nc5 14. Be3 Ne6 15. Nd5 Nc6 16. Rab1 a5 17. b3 Ra6 18. Nc3 Ncd4+ 19. Bxd4 exd4 20. Nb5 c5 21. a4 Kd7 22. Ne1 Nf4+ 23. Kf1 Re6 24. g3 Nh5 25. f3 b6 26. Nd3 Be5 27. Kg2 Bb8 28. Re1 Rhe8 29. Na3 Ng7 30. Nc2 h5 31. Rbd1 Rf6 32. Rf1 Rfe6 33. Rde1 R8e7 34. Kg1 Ne8 35. Kg2 Nf6 36. h4 Ne8 37. Rh1 Ng7 38. Rhf1 f6 39. Rh1 f5 40. Nf2 fxe4 41. Nxe4 Nf5 42. Rhf1 Kc6 43. Rd1 Bc7 44. Rfe1 Kd7 45. Kh3 Kd8 46. Kg2 Ke8 47. Kh3 Kf8 48. Kg2 Ke8 49. Kh3 Kd7 50. Kg2 Kd8 51. Kh3 Kc8 52. Kg2 Kd7 53. Kh3 Nd6 54. Nxd6 Bxd6 55. Rxe6 Rxe6 56. Rd2 Ke7 57. Kg2 Kf6 58. Kf2 g5 59. hxg5+ Kxg5 60. Rd1 Kh6 61. Re1 Rg6 62. f4 Rf6 63. Kf3 Kg6 64. Rh1 Re6 65. Re1 Rf6 66. Rh1 Re6 67. Re1 Rf6 1/2-1/2

[Event "Quebec op"]
[Site "Montreal CAN"]
[Date "1999.07.27"]
[Round "5"]
[White "Bolduc, Steve"]
[Black "Moskvitch, Andrei"]
[Result "1-0"]
[WhiteElo "2172"]
[BlackElo "2011"]
[PlyCount "47"]
[GameId "2160767911742850"]
[EventDate "1999.07.24"]
[EventType "swiss"]
[EventRounds "9"]
[EventCountry "CAN"]

1. d4 Nf6 2. Nf3 c5 3. c4 cxd4 4. Nxd4 e6 5. Nc3 Bb4 6. Nc2 Bxc3+ 7. bxc3 Qc7 8. e3 b6 9. Ba3 d5 10. Be2 Ba6 11. cxd5 Qxc3+ 12. Kf1 Nxd5 13. Rc1 Bxe2+ 14. Qxe2 Nc6 15. Qa6 Qa5 16. Qb7 Qb5+ 17. Kg1 Rd8 18. h3 Rd7 19. Nd4 Rxb7 20. Nxb5 Kd7 21. e4 Ndb4 22. Kh2 Rbb8 23. Rhd1+ Ke8 24. Nc7+ 1-0

[Event "Quebec op"]
[Site "Montreal CAN"]
[Date "1999.07.27"]
[Round "5"]
[White "Burnett, Ronald"]
[Black "Fillion, Steve"]
[Result "1-0"]
[WhiteElo "2423"]
[BlackElo "2208"]
[PlyCount "49"]
[GameId "2160767911742851"]
[EventDate "1999.07.24"]
[EventType "swiss"]
[EventRounds "9"]
[EventCountry "CAN"]
[SourceTitle "EXT 2000"]
[Source "ChessBase"]
[SourceDate "1999.11.18"]
[SourceVersion "1"]
[SourceVersionDate "1999.11.18"]
[SourceQuality "1"]

1. e4 e6 2. d4 d5 3. Nc3 Nf6 4. e5 Nfd7 5. f4 c5 6. Nf3 Nc6 7. Be3 cxd4 8. Nxd4 Bc5 9. Qd2 Bxd4 10. Bxd4 Nxd4 11. Qxd4 Qb6 12. Qxb6 Nxb6 13. Nb5 Ke7 14. h4 h5 15. a4 Bd7 16. Rh3 a6 17. Nd6 Rhb8 18. Rg3 g6 19. Rb3 Nxa4 20. Nxb7 Ra7 21. Nd6 Rxb3 22. cxb3 Nc5 23. Ra3 a5 24. b4 Na4 25. Rxa4 1-0

[Event "Quebec op"]
[Site "Montreal CAN"]
[Date "1999.07.27"]
[Round "5"]
[White "Gilbert, Erick"]
[Black "Wenaas, Eric"]
[Result "0-1"]
[WhiteElo "1810"]
[BlackElo "2276"]
[PlyCount "90"]
[GameId "2160767911742853"]
[EventDate "1999.07.24"]
[EventType "swiss"]
[EventRounds "9"]
[EventCountry "CAN"]

1. Nf3 Nf6 2. g3 b6 3. d3 d5 4. Bg2 Bb7 5. O-O Nbd7 6. Nbd2 e5 7. e3 Be7 8. Qe2 O-O 9. Nh4 Re8 10. Nf5 Bf8 11. e4 g6 12. Nh4 dxe4 13. Nxe4 Nxe4 14. dxe4 Nc5 15. Rd1 Qf6 16. Bd2 Rad8 17. Bc3 Na4 18. Qe1 Nxc3 19. Qxc3 Bc5 20. Qe1 Bc8 21. b4 Bf8 22. a3 Bg4 23. f3 Bc8 24. Bh1 Bh6 25. Qe2 Rxd1+ 26. Rxd1 Rd8 27. Rd3 Rxd3 28. Qxd3 Qd6 29. Qxd6 cxd6 30. b5 a6 31. a4 axb5 32. axb5 Be6 33. Bg2 Be3+ 34. Kf1 Bc4+ 35. Ke1 Bxb5 36. Bf1 Ba4 37. c4 Kf8 38. Ng2 Bd4 39. Bd3 Ke7 40. Ke2 Kd7 41. g4 g5 42. h3 Kc6 43. Ne1 Kc5 44. Ng2 Bb3 45. Ne1 Bxc4 0-1

[Event "Quebec op"]
[Site "Montreal CAN"]
[Date "1999.07.27"]
[Round "5"]
[White "Glinert, Stephen"]
[Black "Gagnon, Boris"]
[Result "1-0"]
[WhiteElo "2347"]
[BlackElo "2000"]
[PlyCount "65"]
[GameId "2160767911742854"]
[EventDate "1999.07.24"]
[EventType "swiss"]
[EventRounds "9"]
[EventCountry "CAN"]

1. e4 g6 2. d4 Bg7 3. Nc3 d6 4. Be3 Nc6 5. Bc4 Nf6 6. f3 O-O 7. Nge2 e5 8. O-O exd4 9. Nxd4 Nxd4 10. Bxd4 Be6 11. Be2 d5 12. e5 Nd7 13. f4 c5 14. Bf2 a6 15. Bf3 d4 16. Ne4 Qc7 17. c3 f6 18. exf6 Nxf6 19. Ng5 Bc4 20. Be2 Bxe2 21. Qxe2 dxc3 22. Qc4+ Kh8 23. bxc3 Rac8 24. Rae1 b5 25. Qb3 c4 26. Qa3 Rfe8 27. Ne6 Qc6 28. Nxg7 Kxg7 29. Bd4 Rxe1 30. Rxe1 Kh6 31. Re7 Nh5 32. Qc1 Re8 33. g4 1-0

[Event "Quebec op"]
[Site "Montreal CAN"]
[Date "1999.07.27"]
[Round "5"]
[White "Hua, Lefong"]
[Black "Lezaic, Jovan"]
[Result "1-0"]
[WhiteElo "2246"]
[BlackElo "2053"]
[PlyCount "51"]
[GameId "2160767911742856"]
[EventDate "1999.07.24"]
[EventType "swiss"]
[EventRounds "9"]
[EventCountry "CAN"]

1. c4 Nf6 2. Nc3 e6 3. e4 Bb4 4. e5 Bxc3 5. bxc3 Ng8 6. Qg4 g6 7. d4 h5 8. Qg3 c5 9. Bd3 Ne7 10. Ne2 Qc7 11. O-O b6 12. Bg5 Nbc6 13. Bf6 Rg8 14. Be4 Nf5 15. Bxf5 exf5 16. d5 Na5 17. d6 Qc6 18. Nf4 Bb7 19. Nd5 Nxc4 20. Ne7 f4 21. Qg5 Qe4 22. Rfe1 Ne3 23. fxe3 f3 24. Nxg8 Qc2 25. Rec1 Qe2 26. Be7 1-0

[Event "Quebec op"]
[Site "Montreal CAN"]
[Date "1999.07.27"]
[Round "5"]
[White "Loadman, Ian"]
[Black "Mikanovic, Goran"]
[Result "0-1"]
[WhiteElo "2106"]
[BlackElo "2355"]
[PlyCount "66"]
[GameId "2160767911742858"]
[EventDate "1999.07.24"]
[EventType "swiss"]
[EventRounds "9"]
[EventCountry "CAN"]

1. e4 c5 2. Nf3 e6 3. d4 cxd4 4. Nxd4 a6 5. Bd3 Nf6 6. O-O d6 7. c4 g6 8. Nc3 Bg7 9. Nb3 Qc7 10. Be3 Nbd7 11. f4 O-O 12. Rc1 b6 13. Qe2 Bb7 14. Nd2 Rac8 15. Kh1 Qb8 16. Bb1 Rfe8 17. Bg1 Nh5 18. Be3 e5 19. fxe5 dxe5 20. Qf2 Nhf6 21. h3 Bc6 22. Nd5 b5 23. c5 Qb7 24. Nxf6+ Nxf6 25. Qh4 Nh5 26. Nb3 Bxe4 27. Bxe4 Qxe4 28. Qxe4 Ng3+ 29. Kg1 Nxe4 30. Na5 Ng3 31. Rfe1 Nf5 32. Bf2 e4 33. b4 e3 0-1

[Event "Quebec op"]
[Site "Montreal CAN"]
[Date "1999.07.27"]
[Round "5"]
[White "Moss, Laurent"]
[Black "Kalinin, Alexander"]
[Result "1/2-1/2"]
[WhiteElo "1943"]
[BlackElo "2425"]
[PlyCount "74"]
[GameId "2160767911742859"]
[EventDate "1999.07.24"]
[EventType "swiss"]
[EventRounds "9"]
[EventCountry "CAN"]

1. d4 Nf6 2. Nf3 g6 3. Nc3 d5 4. Bf4 Bg7 5. e3 O-O 6. Be2 c6 7. Ne5 Nbd7 8. h4 Qb6 9. a3 Nxe5 10. Bxe5 Ne4 11. Bxg7 Nxc3 12. bxc3 Kxg7 13. h5 Qb2 14. Kd2 Qb6 15. hxg6 hxg6 16. Qg1 Qc7 17. f4 Bf5 18. Bf3 c5 19. g4 Be4 20. Bxe4 dxe4 21. Qg2 cxd4 22. cxd4 Qa5+ 23. c3 Rac8 24. Rac1 Qd5 25. g5 Rh8 26. Rxh8 Rxh8 27. c4 Qe6 28. d5 Qf5 29. Kc3 e5 30. Rf1 b5 31. cxb5 exf4 32. Rxf4 Qxd5 33. Qxe4 Rc8+ 34. Kb4 Qd2+ 35. Ka4 Qd1+ 36. Kb4 Qd6+ 37. Ka4 Qd1+ 1/2-1/2

[Event "Quebec op"]
[Site "Montreal CAN"]
[Date "1999.07.27"]
[Round "5"]
[White "Nogueiras, Jesus"]
[Black "Grondin, Jean-Philippe"]
[Result "1-0"]
[WhiteElo "2559"]
[BlackElo "2250"]
[PlyCount "59"]
[GameId "2160767911742861"]
[EventDate "1999.07.24"]
[EventType "swiss"]
[EventRounds "9"]
[EventCountry "CAN"]
[SourceTitle "EXT 2000"]
[Source "ChessBase"]
[SourceDate "1999.11.18"]
[SourceVersion "1"]
[SourceVersionDate "1999.11.18"]
[SourceQuality "1"]

1. d4 d5 2. Nf3 Nf6 3. c4 e6 4. g3 Be7 5. Bg2 O-O 6. Qc2 b6 7. cxd5 exd5 8. Nc3 c5 9. Bf4 Nc6 10. Rd1 Re8 11. O-O Bb7 12. Bg5 c4 13. Ne5 Nb4 14. Qf5 Qc8 15. Qf4 Rd8 16. h4 Na6 17. Kh2 Nc7 18. Bh3 Ne6 19. Qf3 a6 20. Bf5 Qc7 21. e3 h6 22. Bf4 Nxf4 23. gxf4 b5 24. a3 Bf8 25. Rg1 Qe7 26. Rg3 Ne4 27. Nxe4 Qxh4+ 28. Rh3 dxe4 29. Qg2 Qf6 30. Ng4 1-0

[Event "Quebec op"]
[Site "Montreal CAN"]
[Date "1999.07.27"]
[Round "5"]
[White "Poulin, Maurice"]
[Black "Zugic, Igor"]
[Result "0-1"]
[WhiteElo "2018"]
[BlackElo "2405"]
[PlyCount "84"]
[GameId "2160767911742862"]
[EventDate "1999.07.24"]
[EventType "swiss"]
[EventRounds "9"]
[EventCountry "CAN"]

1. e4 Nf6 2. e5 Nd5 3. d4 d6 4. c4 Nb6 5. f4 dxe5 6. fxe5 Nc6 7. Be3 Bf5 8. Nc3 e6 9. Nf3 Be7 10. Be2 O-O 11. O-O f6 12. exf6 Bxf6 13. Qd2 Qe8 14. Bg5 Bxg5 15. Qxg5 h6 16. Qe3 Rd8 17. Rad1 Qe7 18. h3 a6 19. Kh1 Nb4 20. Ne1 Rde8 21. b3 Nd7 22. Bh5 Rb8 23. Qg3 Qd6 24. Qe3 Bg4 25. Rxf8+ Rxf8 26. Bxg4 Rf1+ 27. Qg1 Rxg1+ 28. Kxg1 Nf6 29. Bf3 Qf4 30. Kf2 g5 31. g3 Qf5 32. g4 Qa5 33. a4 Nc6 34. Ne4 Nxe4+ 35. Bxe4 Nxd4 36. Nf3 c5 37. Bxb7 Qb6 38. Be4 Qxb3 39. Rd3 Qxc4 40. Nxd4 cxd4 41. a5 Kg7 42. Ke2 Kf6 0-1

[Event "Quebec op"]
[Site "Montreal CAN"]
[Date "1999.07.27"]
[Round "5"]
[White "Reddy, Tyler"]
[Black "Schleifer, Michael"]
[Result "0-1"]
[WhiteElo "2027"]
[BlackElo "2333"]
[PlyCount "76"]
[GameId "2160767911742863"]
[EventDate "1999.07.24"]
[EventType "swiss"]
[EventRounds "9"]
[EventCountry "CAN"]
[SourceTitle "EXT 2000"]
[Source "ChessBase"]
[SourceDate "1999.11.18"]
[SourceVersion "1"]
[SourceVersionDate "1999.11.18"]
[SourceQuality "1"]

1. c4 b6 2. Nf3 Bb7 3. g3 g6 4. Bg2 Bg7 5. O-O Nf6 6. Nc3 O-O 7. b3 Ne4 8. Bb2 Nxc3 9. Bxc3 Bxc3 10. dxc3 d6 11. Nd4 Bxg2 12. Kxg2 e5 13. Nc2 Nd7 14. Nb4 a5 15. Nd5 f5 16. f4 c6 17. Ne3 Qe7 18. Nc2 Nc5 19. b4 Ne4 20. Qd3 Qe6 21. Ne3 exf4 22. gxf4 Rfe8 23. Nc2 c5 24. b5 Nf6 25. Rae1 Rad8 26. Rf3 d5 27. Re3 Ne4 28. Rd1 dxc4 29. Qxd8 Rxd8 30. Rxd8+ Kg7 31. h3 Qe7 32. Rb8 Qc7 33. Re8 Qxf4 34. Rf3 Qg5+ 35. Kh1 Qc1+ 36. Kg2 Qxc2 37. Re3 Qd2 38. Kf3 g5 0-1

[Event "Quebec op"]
[Site "Montreal CAN"]
[Date "1999.07.27"]
[Round "5"]
[White "Reeve, Jeff"]
[Black "Duong, Thanh Nha"]
[Result "1-0"]
[WhiteElo "2264"]
[BlackElo "2449"]
[PlyCount "140"]
[GameId "2160767911742864"]
[EventDate "1999.07.24"]
[EventType "swiss"]
[EventRounds "9"]
[EventCountry "CAN"]

1. e4 c6 2. d4 d5 3. Nd2 dxe4 4. Nxe4 Nf6 5. Nxf6+ gxf6 6. c3 Bf5 7. Nf3 e6 8. g3 Nd7 9. Bg2 Be4 10. Qe2 f5 11. O-O Be7 12. Re1 Nf6 13. Ne5 Bxg2 14. Kxg2 h5 15. f3 Rh7 16. Bg5 Nd7 17. Nxf7 Rxf7 18. Qxe6 Nf8 19. Bxe7 Nxe6 20. Bxd8 Kd7 21. Bh4 Rg8 22. Kf2 f4 23. Rad1 Ng7 24. gxf4 Ne6 25. Bg5 Nxg5 26. fxg5 Rxg5 27. Rg1 Rgf5 28. Rg3 a5 29. c4 b5 30. b3 Kc7 31. Rg6 Rd7 32. cxb5 Rxb5 33. Rc1 Rxd4 34. Rcxc6+ Kb7 35. Rcd6 Rf4 36. Rd7+ Kc8 37. Rh7 Rf8 38. Rc6+ Kb8 39. Rc3 Rg5 40. h4 Rd5 41. Re7 Rd2+ 42. Re2 Rd4 43. Re5 Rd2+ 44. Ke3 Rxa2 45. Rxh5 Kb7 46. Rb5+ Ka6 47. Rbc5 Rh2 48. h5 Rh3 49. Kf2 Rh8 50. Kg2 Rh4 51. Rg5 Kb6 52. Kg3 Rh1 53. f4 Rd8 54. Kg4 Rg1+ 55. Rg3 Rf1 56. f5 Rd7 57. Rg6+ Kc5 58. h6 Rh1 59. Kg5 Kd4 60. Rg7 Rd6 61. f6 Rd5+ 62. Kg6 Rdh5 63. Rh7 Rb5 64. Rh8 Ke4 65. Rg4+ Kf3 66. Rg5 Rb6 67. h7 Kf4 68. Rc8 Rxh7 69. Rc4+ Kf3 70. Kxh7 Rxf6 1-0

[Event "Quebec op"]
[Site "Montreal CAN"]
[Date "1999.07.27"]
[Round "5"]
[White "Ross, Dave"]
[Black "Gravel, Simon M"]
[Result "1-0"]
[WhiteElo "2345"]
[BlackElo "2281"]
[PlyCount "101"]
[GameId "2160767911742865"]
[EventDate "1999.07.24"]
[EventType "swiss"]
[EventRounds "9"]
[EventCountry "CAN"]
[SourceTitle "EXT 2000"]
[Source "ChessBase"]
[SourceDate "1999.11.18"]
[SourceVersion "1"]
[SourceVersionDate "1999.11.18"]
[SourceQuality "1"]

1. Nf3 e6 2. c4 Nf6 3. g3 c5 4. Bg2 Nc6 5. O-O b6 6. d4 d5 7. Ne5 Bb7 8. Qa4 Rc8 9. cxd5 exd5 10. Bg5 Be7 11. dxc5 O-O 12. Nxc6 Bxc6 13. Qxa7 Bxc5 14. Qa6 b5 15. Nc3 Qd7 16. b4 Ra8 17. Qxa8 Rxa8 18. bxc5 b4 19. Bxf6 gxf6 20. Nxd5 Bxd5 21. Rfd1 Qb5 22. Bxd5 Rc8 23. c6 Qxe2 24. Rac1 Kg7 25. Kg2 Rc7 26. Rd4 Qb5 27. Rb1 Rxc6 28. Rbxb4 Qc5 29. Rbc4 Qxd5+ 30. Rxd5 Rxc4 31. Ra5 Rc2 32. a4 Ra2 33. g4 h6 34. Kg3 Kg6 35. h4 Kg7 36. f3 Kg6 37. Kf4 Re2 38. h5+ Kg7 39. Kf5 Rf2 40. Ke4 Rb2 41. Rb5 Ra2 42. Rb4 Ra3 43. Rc4 Kf8 44. Kd5 Rxf3 45. a5 f5 46. Ra4 fxg4 47. a6 Rd3+ 48. Ke5 f6+ 49. Kxf6 Rd8 50. a7 Ra8 51. Rb4 1-0

[Event "Quebec op"]
[Site "Montreal CAN"]
[Date "1999.07.27"]
[Round "5"]
[White "Safranska, Anda"]
[Black "Lazarev, Vladimir"]
[Result "0-1"]
[WhiteElo "2267"]
[BlackElo "2501"]
[PlyCount "57"]
[GameId "2160767911742866"]
[EventDate "1999.07.24"]
[EventType "swiss"]
[EventRounds "9"]
[EventCountry "CAN"]
[SourceTitle "EXT 2000"]
[Source "ChessBase"]
[SourceDate "1999.11.18"]
[SourceVersion "1"]
[SourceVersionDate "1999.11.18"]
[SourceQuality "1"]

1. e4 c5 2. Nf3 d6 3. d4 cxd4 4. Nxd4 Nf6 5. Nc3 Nc6 6. Bc4 e6 7. Be3 Be7 8. Qe2 Bd7 9. O-O-O Rc8 10. Nxc6 bxc6 11. g4 O-O 12. g5 Ne8 13. Rhg1 d5 14. Bb3 Bb4 15. h4 Bxc3 16. bxc3 Nd6 17. e5 Ne4 18. Qd3 Qa5 19. Kb2 c5 20. c4 Bb5 21. cxb5 c4 22. Qd4 cxb3 23. axb3 Qxb5 24. Rc1 Nc3 25. Qd3 Qb4 26. h5 Rc6 27. Bd2 Rfc8 28. Rg3 d4 29. Be1 0-1